|
|
|
|
| LEADER |
01079nam a2200337 4500 |
| 001 |
DLU180185301 |
| 005 |
##20180530 |
| 040 |
# |
# |
|a DLU
|b vie
|
| 041 |
# |
# |
|a vie
|
| 044 |
# |
# |
|a vn
|
| 100 |
# |
# |
|a Bui Thi Phuong Thuy.
|
| 245 |
# |
# |
|a Anticancer agents of kaempferol-3-O-methylether and kaempferol-3-O-(2,4-O-diacetyl-alpha-L-rhamnopyranoside) in leaf of plants Zingiber zerumbet SM using 2D, 3D descriptors /
|c Bui Thi Phuong Thuy, ...[et al.].
|
| 653 |
# |
# |
|a Anticancer activities Hela
|
| 653 |
# |
# |
|a Neural network QSARANN
|
| 653 |
# |
# |
|a QSARMLR model
|
| 700 |
# |
# |
|a Hoang Thi Kim Dung.
|
| 700 |
# |
# |
|a Nguyen Thi Ai Nhung.
|
| 700 |
# |
# |
|a Pham Van Tat.
|
| 700 |
# |
# |
|a Phung Van Trung.
|
| 700 |
# |
# |
|a Tran Duong.
|
| 700 |
# |
# |
|a Vo Thanh Cong.
|
| 773 |
# |
# |
|t Hóa học
|g Số 6, 2016, tr. 710-718
|
| 920 |
# |
# |
|a Phòng Tạp chí -- Trung tâm Thông tin - Thư viện Trường Đại học Đà Lạt
|
| 994 |
# |
# |
|a DLU
|
| 900 |
# |
# |
|a True
|
| 911 |
# |
# |
|a Hoàng Thị Huyền
|
| 925 |
# |
# |
|a G
|
| 926 |
# |
# |
|a A
|
| 927 |
# |
# |
|a BB
|
| 980 |
# |
# |
|a Thư viện Trường Đại học Đà Lạt
|